| 000 | 00899nam a22002537a 4500 | ||
|---|---|---|---|
| 005 | 20170124103040.0 | ||
| 010 | _aA-761771 | ||
| 020 | _c60.00 | ||
| 035 | _aA-761771 | ||
| 037 | _bCen Lib/Ret | ||
| 040 |
_aDPL _bHN |
||
| 082 |
_aक _bसिंहर |
||
| 100 |
_aसिंह, रमा _966901 |
||
| 245 |
_aबालूघाट की मछली / _cरमा सिंह |
||
| 246 |
_aBalughat kee machhli / _bby Ramam Singh |
||
| 260 |
_aदिल्ली _bयात्री प्रकाशन _c1995 |
||
| 270 |
_aबी-131, सादतपुर _bदिल्ली _e110094 |
||
| 300 |
_a128पृ. _c17सेमी (सजिल्द) |
||
| 650 |
_aहिन्दी साहित्य _966902 |
||
| 650 |
_aकहानिया _966903 |
||
| 650 |
_aHindi literature _966904 |
||
| 650 |
_aStories _97500 |
||
| 942 |
_2ddc _cHN _hक _mसिंहर |
||
| 999 |
_c116508 _d116508 |
||